<?xml version="1.0" encoding="UTF-8"?><?xml-stylesheet type="text/xsl" href="static/style.xsl"?><OAI-PMH xmlns="http://www.openarchives.org/OAI/2.0/" xmlns:xsi="http://www.w3.org/2001/XMLSchema-instance" xsi:schemaLocation="http://www.openarchives.org/OAI/2.0/ http://www.openarchives.org/OAI/2.0/OAI-PMH.xsd"><responseDate>2026-04-14T09:09:28Z</responseDate><request verb="GetRecord" identifier="oai:www.recercat.cat:10459.1/468753" metadataPrefix="marc">https://recercat.cat/oai/request</request><GetRecord><record><header><identifier>oai:recercat.cat:10459.1/468753</identifier><datestamp>2025-10-09T18:36:35Z</datestamp><setSpec>com_2072_3622</setSpec><setSpec>col_2072_479130</setSpec></header><metadata><record xmlns="http://www.loc.gov/MARC21/slim" xmlns:dcterms="http://purl.org/dc/terms/" xmlns:xsi="http://www.w3.org/2001/XMLSchema-instance" xmlns:doc="http://www.lyncode.com/xoai" xsi:schemaLocation="http://www.loc.gov/MARC21/slim http://www.loc.gov/standards/marcxml/schema/MARC21slim.xsd">
   <leader>00925njm 22002777a 4500</leader>
   <datafield ind2=" " ind1=" " tag="042">
      <subfield code="a">dc</subfield>
   </datafield>
   <datafield ind2=" " ind1=" " tag="720">
      <subfield code="a">Pires, Felipe</subfield>
      <subfield code="e">author</subfield>
   </datafield>
   <datafield ind2=" " ind1=" " tag="720">
      <subfield code="a">Lisboa, Pedro</subfield>
      <subfield code="e">author</subfield>
   </datafield>
   <datafield ind2=" " ind1=" " tag="720">
      <subfield code="a">Ribeiro, Herick</subfield>
      <subfield code="e">author</subfield>
   </datafield>
   <datafield ind2=" " ind1=" " tag="720">
      <subfield code="a">Campos, Pietro</subfield>
      <subfield code="e">author</subfield>
   </datafield>
   <datafield ind2=" " ind1=" " tag="720">
      <subfield code="a">González Capdevila, Marc</subfield>
      <subfield code="e">author</subfield>
   </datafield>
   <datafield ind2=" " ind1=" " tag="260">
      <subfield code="c">2025</subfield>
   </datafield>
   <datafield ind2=" " ind1=" " tag="520">
      <subfield code="a">The number of traffic accidents involving motorcycles has been increasing in Brazil recently. Many accidents are caused by drivers who do not see motorcycles approaching in the vehicle blind spots. Advanced Driver Assistance Systems (ADAS) installed in vehicles can be used to mitigate this problem. However, the development of ADASs often focuses on security issues and does not consider the user experience with the ADASs interface. In this paper, we present the design of an alerting system that warns drivers about collision risks when motorcycles are identified in vehicle blind spots. Our proposal alerts drivers by using visual and haptic interaction modes. In line with a user-centered design methodology, our initial action involved identifying the traits of the target users in order to create personas that embody their characteristics. The vehicle blind spot alert system was conceived in a co-design session using the personas elaborated previously. In the session, 9 end-users produced 3 low-fidelity (lo-fi) prototypes which were analyzed and compiled generating a single lo-fi prototype. After promoting a viability discussion, a high-fidelity (hi-fi) prototype containing haptic and visual alerting features was implemented and installed in a car for testing. The alert system was evaluated by 20 end-users concerning their experience with the different warning modes. The results showed that for both the visual and haptic modes, users could recognize and understand the alerts without employing a great effort in the information interpretation. This result reinforces the idea that ADASs should provide simple interpretative interfaces because drivers' interaction with these systems should be a secondary activity since their concentration must be on driving.</subfield>
   </datafield>
   <datafield ind2=" " ind1=" " tag="520">
      <subfield code="a">This research was funded by Fundação de Desenvolvimento da Pesquisa (FUNDEP - Processo no.: 27192.02.01/2020.08-00). The Conselho Nacional de Desenvolvimento Científico e Tecnológico - Brazil (CNPq grant 309497/2022-1) provided partial financial support.</subfield>
   </datafield>
   <datafield ind1="8" ind2=" " tag="024">
      <subfield code="a">http://hdl.handle.net/10459.1/468753</subfield>
   </datafield>
   <datafield tag="653" ind2=" " ind1=" ">
      <subfield code="a">Notification System</subfield>
   </datafield>
   <datafield tag="653" ind2=" " ind1=" ">
      <subfield code="a">User Experience</subfield>
   </datafield>
   <datafield tag="653" ind2=" " ind1=" ">
      <subfield code="a">Advanced Driver Assistance System</subfield>
   </datafield>
   <datafield ind2="0" ind1="0" tag="245">
      <subfield code="a">End-users perspective matters in ADAS: designing a blind-spot alert system from a user-centered approach</subfield>
   </datafield>
</record></metadata></record></GetRecord></OAI-PMH>